Statistics for FIFA World XI 2014

Click here to take the quiz!

General Stats

  • This quiz has been taken 69 times
  • The average score is 10 of 11

Answer Stats

HintAnswer% Correct
Forward- PortugalCristiano Ronaldo
100%
Forward- ArgentinaLionel Messi
100%
Goalkeeper- GermanyManuel Neuer
98%
Defender- GermanyPhilipp Lahm
95%
Defender- SpainSergio Ramos
94%
Defender- BrazilThiago Silva
94%
Midfielder- SpainAndres Iniesta
92%
Forward- NetherlandsArjen Robben
92%
Defender- BrazilDavid Luiz
89%
Midfielder- GermanyToni Kroos
84%
Midfielder- ArgentinaAngel Di Maria
81%

Score Distribution

Percentile by Number Answered

Percent of People with Each Score

Your Score History

You have not taken this quiz